000 00469nam a2200181Ia 4500
001 22344
003 GE_BSU
008 181216s||||||||xx |||||||||||||| ||und||
040 _cGE_BSU
245 _aParis Match, du 23 au 29 aout. №3615. 2018
260 _aParis
260 _c2018
300 _a103p. ill.29cm.
653 _aParis Match, du 23 au 29 aout. №3615. 2018
653 _aПериодика
653 _aპერიოდიკა
942 _cCR
999 _c55268
_d55268